Philosophic problems of nuclear science. (Record no. 123187)
[ view plain ]
| 000 -LEADER | |
|---|---|
| fixed length control field | 00705cam a2200229 4500 |
| 001 - CONTROL NUMBER | |
| control field | 2644490 |
| 003 - CONTROL NUMBER IDENTIFIER | |
| control field | ARRUPE |
| 005 - DATE AND TIME OF LATEST TRANSACTION | |
| control field | 20150828111951.0 |
| 008 - FIXED-LENGTH DATA ELEMENTS--GENERAL INFORMATION | |
| fixed length control field | 770715s1966 ctu 000 0 eng u |
| 035 ## - SYSTEM CONTROL NUMBER | |
| System control number | (OCoLC)ocm03118943 |
| 040 ## - CATALOGING SOURCE | |
| Transcribing agency | TUN |
| Modifying agency | ZCU |
| 090 ## - LOCALLY ASSIGNED LC-TYPE CALL NUMBER (OCLC); LOCAL CALL NUMBER (OCLC) | |
| Classification number (OCLC) (R) ; Classification number, CALL (RLIN) (NR) | QC71 |
| Local cutter number (OCLC) ; Book number/undivided call number, CALL (RLIN) | .H36 1966 |
| 300 ## - PHYSICAL DESCRIPTION | |
| Dimensions | 18 cm. |
| 100 1# - MAIN ENTRY--PERSONAL NAME | |
| Personal name | Heisenberg, Werner, |
| Dates associated with a name | 1901-1976. |
| 9 (RLIN) | 13868 |
| 245 10 - TITLE STATEMENT | |
| Title | Philosophic problems of nuclear science. |
| Statement of responsibility, etc | [Translated by F. C. Hayes] |
| 260 ## - PUBLICATION, DISTRIBUTION, ETC. (IMPRINT) | |
| Place of publication, distribution, etc | London |
| Name of publisher, distributor, etc | Faber and Faber |
| Date of publication, distribution, etc | 1962 |
| 300 ## - PHYSICAL DESCRIPTION | |
| Extent | 126 p. |
| 500 ## - GENERAL NOTE | |
| General note | Translation of Wandlungen in den Grundlagen der Naturwissenschaft. |
| 650 #0 - SUBJECT ADDED ENTRY--TOPICAL TERM | |
| Topical term or geographic name as entry element | Physics. |
| General subdivision | philosophy |
| 9 (RLIN) | 19167 |
| 650 #0 - SUBJECT ADDED ENTRY--TOPICAL TERM | |
| Topical term or geographic name as entry element | Quantum theory |
| 9 (RLIN) | 19168 |
| 942 ## - ADDED ENTRY ELEMENTS (KOHA) | |
| Source of classification or shelving scheme | Library of Congress Classification |
| Koha item type | Monograph ( Printed materials) |
| Withdrawn status | Lost status | Source of classification or shelving scheme | Damaged status | Not for loan | Collection code | Home library | Current library | Shelving location | Date acquired | Total Checkouts | Full call number | Barcode | Date last seen | Price effective from | Koha item type |
|---|---|---|---|---|---|---|---|---|---|---|---|---|---|---|---|
| Library of Congress Classification | Main Collection | ARRUPE LIBRARY | ARRUPE LIBRARY | Main Collection | 28/08/2015 | Q175.H391 | 46500004096 | 03/07/2019 | 28/08/2015 | Monograph ( Printed materials) |